Acteurs du film Beetlejuice par images - Statistiques

Statistiques générales
  • Ce quiz a été pris 65 fois
  • Le résultat moyen est 4 sur 7
Statistiques - réponses
Par images Hint Réponse % Correct
le Réalisateur Tim Burton
90%
Beetlejuice Michael Keaton
80%
Lydia Deetz Winona Ryder
73%
Adam Maitland Alec Baldwin
63%
Delia Deetz Catherine O'Hara
43%
Barbara Maitland Geena Davis
43%
Charles Deetz Jeffrey Jones
27%
Aucun quiz correspondant
Distribution des résultats
% des personnes avec chaque résultat
Percentile par nombre de réponses
Votre historique - résultats
Vous n’avez pas pris ce quiz